000 00549nim a2200205 i 4500
001 bgj
100 1 _aKINGSBURY, Roy
245 1 0 _aLongman Advanced English /
_cRoy Kingsbury ; Guy Wellman.
260 _aHarlow, Essex :
_bLongman,
_c1993.
300 _a156 pp :
_bill. ;
_c25 cm.
650 9 _aEnglish language
655 _aTextbooks for foreigners
700 1 _aWELLMAN, Guy.
_eco-author
020 _a0582743555
040 _cBPK
041 0 _aeng
920 _a0-582-74355-5
942 _cTM
008 s uk f |000 0 eng
999 _c50087
_d50087
856 _uhttp://koha.tu.koszalin.pl/cgi-bin/koha/opac-detail.pl?biblionumber=50087
_yKatalog online BPK